000 01143nam a2200313 i 4500
003 DO-SdBNP
005 20250506141044.0
007 ta
008 250506b2025 dr ac||| |||| 00| 0 spa d
020 _a9789945948325
040 _aDO-SdBNP
_bspa
_cBNPHU
_erda
041 _aspa
082 4 _axxx
_bC284L
_222
100 _aCarlo, Ericarol
_eautor
_4aut.
_985615
245 1 4 _aLas hijas de Enrico Russo /
_cCarlo Ericarol ; corrección, María José Espinoza ; prólogo, Milagros de Jesús de Féliz.
250 _aPrimera edición
264 4 _aSanto Domingo :
_bTinta Dragón
_c©2025.
300 _a260 páginas :
_bilustraciones, retratos ;
_c22 cm.
336 _atexto
_btxt
_2rdacontent
337 _asin mediación
_bn
_2rdamedia
338 _avolumen
_bnc
_2rdacarrier
500 _aIncluye datos biográficos de la autora en la última página.
500 _aLa biblioteca posee 1 ejemplar autografiado por la autora.
590 _aInventariado, 2025 /LP
700 1 _aMaría José Espinoza
_ecorrector
_4aut.
_987674
700 1 _aFéliz, Milagros de Jesús de
_eprologuista
_4pr.
_987675
910 _aLP
942 _2ddc
_cLBS1
999 _c58401
_d58401